000 00815cam a2200265 a 4500
001 4819865
005 20180222072941.0
008 890502s1989 ilua b 000 0 eng d
010 _a 89061522
020 _a0878223177
035 _a(OCoLC)22542395
040 _aDNLM
_cDLC
_dDLC
041 _aeng
042 _alccopycat
060 0 0 _aWM 425
_bC6405 1989
080 _a61 NEZ
082 _a61 NEZ
100 _a3
101 _aSHM
245 0 0 _aClinical decision making in behavior therapy :
_cedited by Arthur M. Nezu, Christine M. Nezu.
504 _aIncludes bibliographical references and indexes.
906 _a7
_bcbc
_ccopycat
_d3
_eopcn
_f19
_gy-gencatlg
942 _2ddc
_cBK
999 _c43192
_d43192